00330nam a2200109Ia 4500008004100000082000800041100001700049245003600066942000600102952009700108999001500205240331s9999 xx 000 0 und d bSIV aSivarajah, A 0aUyardhara arasiyal sinthanaikal cL 001040708LaWERCLbWERCLcSSCd2024-03-31l0o 320.1 SIVp5510r2024-03-31w2024-03-31yL c2281d2281